One Hint for Each Country - Statistics

General Stats
  • This quiz has been taken 225 times
  • The average score is 111 of 196
Answer Stats
Hint Answer % Correct
The land down under Australia
95%
Surpassed China to become the world's most populous country in 2023 India
89%
Invaded Armenia in 2022 Azerbaijan
87%
Only country to start with O Oman
86%
Formerly Siam Thailand
84%
It connects the Pacific and Atlantic oceans with a canal Panama
83%
Translates to "Rich Coast" in Spanish Costa Rica
82%
Only country that majority speaks Catalan Andorra
79%
Country that shares Mt. Everest with China Nepal
78%
Disputes the Falkland Islands with the UK Argentina
77%
Has the longest coast on the Mediterranean sea Greece
77%
The smallest German-speaking state Liechtenstein
77%
Largest country in the world Russia
77%
Has the longest coastline in the world Canada
76%
Was an ancient empire centered around Timbuktu Mali
76%
Claims Western Sahara Morocco
76%
Composed of Transylvania, Wallachia and Moldavia Romania
76%
Home to Samsung and LG South Korea
76%
Known as the graveyard of empires Afghanistan
75%
Only country in central America that doesn't mainly speak Spanish Belize
75%
Contains the autonomous regions of Tibet and Xinjiang China
75%
Changed its name from Swaziland 2018 Eswatini
75%
European country with the most immigrants Germany
75%
Its capital was founded by Romulus and Remus Italy
75%
Invaded by Iraq in 1990 Kuwait
75%
Changed its name by adding "North" in 2019 North Macedonia
75%
Has three capitals South Africa
75%
Formerly led by Muammar Gaddafi Libya
74%
Wrongfully called Holland Netherlands
74%
Home of the Kiwi bird and Māori people New Zealand
74%
Home to the second highest mountain, K2 Pakistan
74%
Center of the Inca empire Peru
74%
India's teardrop Sri Lanka
74%
Divided between an independent faction, a Turkish faction, the UK and the U.N Cyprus
73%
Only majority Jewish country Israel
72%
The only country to have been nuked during wartime Japan
72%
Petra can be found here Jordan
72%
Banned chewing gum Singapore
72%
Has the most populated city in North America Mexico
71%
Formed by the unification of Aragon and Castile Spain
71%
Made up of 7 emirates United Arab Emirates
71%
Biggest country in Africa Algeria
70%
Where Rihanna was born Barbados
70%
Country with the most Muslims Indonesia
70%
The least population dense country Mongolia
70%
Island Country 11km from Venezuela Trinidad and Tobago
70%
Gained independence from Indonesia East Timor
69%
The only grand duchy remaining Luxembourg
69%
Microstate on the French Riviera Monaco
69%
Its capital is only 7.3km from Kinshasa Republic of the Congo
69%
Formed from Tanganyika and Zanzibar Tanzania
69%
Its modern territory held the city of Carthage Tunisia
69%
Has a flag very similar to Qatar Bahrain
68%
Biggest South American country Brazil
68%
Former Portuguese island country West of Senegal Cape Verde
68%
Has been embargoed by the U.S since 1960 Cuba
68%
Owns the Faroe islands Denmark
68%
Center of the Mayan civilization Guatemala
68%
The newest independent country South Sudan
68%
First country to host and win the world cup Uruguay
68%
Where Goulash originated Hungary
67%
Longest coastline in Europe Norway
67%
Its capital is roughly 50 km from Vienna Slovakia
67%
Country that contains the Ganges river delta Bangladesh
66%
Its leader is Aleksandr Lukashenko Belarus
66%
Has a interior Republic with many ethnic Serbians Bosnia and Herzegovina
66%
Composed of Bohemia and Moravia Czechia
66%
Birthplace of Joseph Stalin Georgia
66%
Two-Thirds of this country are claimed by Venezuela Guyana
66%
Has a large Igbo population Nigeria
66%
Owns the Azores and Madeira Portugal
66%
Only country in the Americas that speaks Dutch Suriname
66%
Printed a 100 trillion dollar bill Zimbabwe
66%
Country with a predominant dragon on its flag Bhutan
65%
Home to the world's driest desert, the Atacama Chile
65%
Its capital is named after a foreign president Liberia
65%
Its biggest city was formerly Rangoon Myanmar
65%
Gained independence from South Africa Namibia
65%
First Yugoslav country to declare independence Slovenia
65%
Named after the Zambezi river Zambia
65%
Has the city of Mombasa Kenya
64%
Contains the biggest lake in Central America Nicaragua
64%
Country that hosted the 2022 world cup Qatar
64%
Has the only capital beginning with Q Ecuador
63%
Fought the Soviets in the winter war Finland
63%
Where the Tigris and Euphrates meet and flow into the Persian gulf Iraq
63%
Also known as Kirghizia Kyrgyzstan
63%
Almost completely surrounds the Gambia Senegal
63%
The largest African country before 2011 Sudan
63%
Central Asian country with a harsh dictatorship Turkmenistan
63%
Contains most of Dalmatia Croatia
62%
Its name means "Black mountain" in Spanish Montenegro
62%
Carried out a genocide on the Tutsi Rwanda
62%
Known as the Breadbasket of Europe Ukraine
62%
Its cities include Cali and Barranquilla Colombia
61%
Brutally ruled by King Leopold personally Democratic Republic of the Congo
61%
Contains the most populated city in the Baltic states Latvia
61%
Pacific Island Country that the U.S tested nukes on Marshall Islands
61%
Has a breakaway state called Transnistria Moldova
61%
Owns the majority of the Ulster region United Kingdom
61%
Borders every -stan country besides Pakistan Uzbekistan
61%
Durings WW1, its cities of Ypres and Leuven were mostly destroyed Belgium
60%
Largest country completely surrounded by another Lesotho
60%
Also known as the Holy See Vatican City
60%
Oceanic country with a significant Indian population (about 40%) Fiji
58%
Fought El Salvador in a war over a football (soccer) game Honduras
58%
Birthplace of whiskey Ireland
58%
Was formerly in a Commonwealth with Poland Lithuania
58%
Least populated country in Oceania Nauru
58%
Has the most spoken languages out of any country Papua New Guinea
58%
Its capital is Basseterre Saint Kitts and Nevis
58%
It shares its name with a American territory in the Pacific Samoa
58%
Named after Saint Thomas São Tomé and Príncipe
58%
Once ruled by Idi Amin Uganda
58%
Was a victim of an Ottoman Genocide, resulting in about 1.5 million casualties Armenia
57%
6th Nordic country? Estonia
57%
Is completely based around an West African river Gambia
57%
Its capital is Lomé Togo
57%
Contains Northern Tyrol Austria
56%
Country on its fifth republic France
56%
Only country with a modern firearm on its flag Mozambique
56%
Its capital is Niamey Niger
56%
The oldest republic San Marino
56%
Named after a Biblical king Solomon Islands
56%
Hosts the Houthi rebels Yemen
56%
Has the most elephants Botswana
55%
Place of the first permanent European settlement in the Americas Dominican Republic
55%
The first civilization in Africa Egypt
55%
Oceanic country never colonized (but was a protected state) Tonga
55%
Changed its capital from Bujumbura to Gitega in 2019 Burundi
54%
African country that mostly resisted colonization Ethiopia
54%
Used to be ruled by François "Papa Doc" Duvalier Haiti
54%
Uses the Dong as a currency Vietnam
54%
Its building a city called "The Line" Saudi Arabia
53%
Fought the UK in the cod wars Iceland
52%
Home to the city of Qom Iran
52%
Suffered an explosion in its capital in 2020 due to a fireworks factory Lebanon
52%
Had a bear among its army ranks in WW2 Poland
52%
Only country named for a woman Saint Lucia
52%
Its name means "Lion Mountains" in Portugese Sierra Leone
52%
The government genocided many groups, including people with glasses, from 1975 to 1979 Cambodia
51%
Formerly the Gold coast Ghana
51%
The only country with no red, white or blue on its flag Jamaica
49%
Despite being yellow, the circle on this country's flag represents the moon Palau
49%
Birthplace of Boba tea Taiwan
49%
Last country to leave the Soviet union Kazakhstan
48%
Its demonym is Gilbertese Kiribati
48%
African country that speaks an Austronesian language Madagascar
48%
Named after a rapidly drying up African lake Chad
47%
Known as Africa's North Korea Eritrea
47%
Known as the hermit kingdom North Korea
46%
Added the Capital name to another nearby country's name Guinea-Bissau
45%
Kicked a city out of the country, forcing independence on them Malaysia
45%
Formerly Upper Volta Burkina Faso
44%
Highest HDI country in Africa Seychelles
44%
Incorrectly translated "land of the Moors" Mauritania
43%
Shares its name with a lake that also takes up 20% of its area Malawi
42%
African country with the most world cup appearances Cameroon
41%
Shares a name with a former Muslim country in Southern Spain Grenada
41%
Its exclave of Cabinda accounts for 60% of its oil Angola
38%
Contains the largest salt flat in the world Bolivia
38%
Southernmost Muslim majority country Comoros
37%
Named after a historically important export Ivory Coast
37%
Had an underwater cabinet meeting Maldives
36%
Was divided by the Italians and British in colonial times Somalia
36%
Has the most Islands in the world Sweden
36%
Used to have bombs placed under most bridges and in tunnels leading into the country Switzerland
35%
Has the highest inflation rate in the world Venezuela
35%
Absorbed by Italy in 1939 Albania
34%
Formerly Dahomey Benin
34%
Has the world's largest prison El Salvador
34%
Has a dispute with the UK over the British Indian ocean territory. Mauritius
34%
Its capital means "Monday" in Persian Tajikistan
34%
Has the flag with the most purple Dominica
32%
Used to be known as the New Hebrides Vanuatu
32%
Lost most of its male population in the war of the triple alliance Paraguay
31%
The most bombed country in the world Laos
30%
Contains the Islands of Yap, Weno and Falalop Federated States of Micronesia
29%
Has many military bases from 8 different countries Djibouti
25%
Most recent country to change its flag Syria
25%
Has a cave with 1.4 billion pounds of cheese United States
25%
First French African colony to become independent Guinea
24%
Has a statue of Bill Clinton Kosovo
24%
Country with the island of Bioko Equatorial Guinea
23%
Borders 8 countries with 6 different alphabets Turkey
23%
The national dish of this country is Adobo Philippines
21%
Last country to have a ATM Tuvalu
21%
Owns Southern Dobruja Bulgaria
19%
Its leader resides in the largest palace in the world Brunei
18%
Its highest peak is called Mt.Obama (or boggy peak) Antigua and Barbuda
17%
Home to the La Soufrière volcano Saint Vincent and the Grenadines
17%
The Lucayan archipelago is mostly composed of this country Bahamas
16%
Only French colony that resisted the allies in WW2 Gabon
12%
Many of its churches have two clocks, one of them purposefully wrong Malta
12%
Contains the Chutes de Boali or Boali waterfalls Central African Republic
11%
The white on this country's flag represents mothers milk Serbia
9%
No matching quizzes found
Score Distribution
Percent of People with Each Score
Percentile by Number Answered
Your Score History
You have not taken this quiz